[Event "Wch U20 41st"]
[Site "Goa"]
[Date "2002.12.11"]
[Round "4"]
[White "Phanikanth, JSS"]
[Black "Cruz, Wilson"]
[Result "0-1"]
[WhiteElo "2012"]
[BlackElo "2021"]
[PlyCount "63"]
[EventDate "2002.12.09"]
[EventType "swiss"]
[EventRounds "13"]
[EventCountry "IND"]
[SourceTitle "CBM 091 Extra"]
[Source "ChessBase"]
[SourceDate "2003.01.09"]
[SourceVersion "1"]
[SourceVersionDate "2003.01.09"]
[SourceQuality "1"]

1. e4 Nf6 2. e5 Nd5 3. d4 d6 4. c4 Nb6 5. exd6 exd6 6. Nf3 Bf5 7. Be2 Be7 8. 0-0 0-0 9. Nc3 N8d7 10. Bf4 c5 11. d5 h6 12. Re1 Re8 13. Nd2 Nf6 14. Bf3 Bf8 15. Qb3 Qd7 16. Nde4 Nxe4 17. Bxe4 Bxe4 18. Nxe4 Qf5 19. Qf3 Nxc4 20. Re2 Ne5 21. Qe3 Ng6 22. Bg3 Qxd5 23. Rae1 Re6 24. b3 Rae8 25. Rd2 Qxe4 26. Qxe4 Rxe4 27. Rxe4 Rxe4 28. Rd1 Ne5 29. h3 Re2 30. Rd5 Rxa2 31. Bxe5 dxe5 32. Rxe5 0-1

[Event "Tolima-ch Dptal"]
[Site "Ibague"]
[Date "2001.03.23"]
[Round "1"]
[White "Castillo, Luis Alberto"]
[Black "Cruz, Wilson"]
[Result "1-0"]
[WhiteElo "2049"]
[BlackElo "2032"]
[PlyCount "63"]
[EventDate "2001.03.21"]
[EventType "swiss"]
[EventRounds "9"]
[EventCountry "COL"]
[SourceTitle "EXT 2002"]
[Source "ChessBase"]
[SourceDate "2001.11.25"]
[SourceVersion "1"]
[SourceVersionDate "2001.11.25"]
[SourceQuality "1"]

1. e4 c5 2. c3 d6 3. d4 cxd4 4. cxd4 Nf6 5. Nc3 Nc6 6. Nf3 Bg4 7. d5 Ne5 8. Nxe5 dxe5 9. Qb3 g6 10. Qxb7 Bg7 11. Bb5+ Bd7 12. 0-0 0-0 13. Bxd7 Nxd7 14. Qa6 Qb6 15. Qa3 e6 16. Be3 Qb7 17. dxe6 fxe6 18. Rad1 Nf6 19. f3 Rfc8 20. Na4 Rc4 21. Nc5 Qc6 22. Rc1 Rxc1 23. Rxc1 Bf8 24. Qb3 Bxc5 25. Rxc5 Qd6 26. Qc2 Rd8 27. b4 Nd7 28. Rc8 Nb6 29. Rxd8+ Qxd8 30. Bc5 Kf7 31. Kf2 Ke8 32. Ke3 1-0